• 首页
  • 本馆介绍
  • 公告通知
  • 最新文献
  • 馆藏检索
  • 电子资源
  • 读者导购
  • 参考咨询
  • 我的图书馆
  • 登录
  • 详细信息显示
  • 放入我的书架
  • 预约/预借图书
  • 作者相关作品
  • 分类相关作品
  • 丛书相关作品
  • 出版社相关作品

书目信息

  • 表格格式
  • 工作单格式
  • 卡片格式
题名:
国际物流运输实务
    
 
作者: 吴文一 主编
分册:  
出版信息: 上海   立信会计出版社  2006
页数: 439页
开本: 21cm
丛书名: 二十一世纪物流实务丛书
单 册:
中图分类: F511.41
科图分类:
主题词: 物流--国际运输--货物运输 , 物流 , 国际运输 , 货物运输
电子资源:
ISBN: 7-5429-1671-8
000 00968oam2 2200289 450
001 012007237436
005 20070516174114.96
010    @a7-5429-1671-8@dCNY24.00
100    @a20070508d2006 km y0chiy0120 ea
101 0  @achi
102    @aCN@b310000
105    @ay z 000yy
106    @ar
200 1  @a国际物流运输实务@Aguo ji wu liu yun shu shi wu@f吴文一主编@Fwu wen yi zhu bian
210    @a上海@c立信会计出版社@d2006
215    @a439页@d21cm
225 2  @a二十一世纪物流实务丛书
330    @a本书首先阐述与国际物流密切相关的国际贸易相关知识,在此基础上,以国际物流业务为主线,全面阐述海运、航空、铁路、公路及多式联运方式下的运输单证、运输费用、运输程序,以及相关的国际公约法规。
461  0 @12001 @a二十一世纪物流实务丛书
606 0  @a物流@x国际运输@x货物运输
606 0  @a物流
606 0  @a国际运输
606 0  @a货物运输
690    @aF511.41@v4
701  0 @a吴文一@Awu wen yi@4主编
801  0 @aCN@bRULIN@c20070516
905    @dF511.41@e5@s8
    
    国际物流运输实务/吴文一主编.-上海:立信会计出版社,2006
    439页;21cm.-(二十一世纪物流实务丛书)
    
    
    ISBN 7-5429-1671-8:CNY24.00
    本书首先阐述与国际物流密切相关的国际贸易相关知识,在此基础上,以国际物流业务为主线,全面阐述海运、航空、铁路、公路及多式联运方式下的运输单证、运输费用、运输程序,以及相关的国际公约法规。
●
相关链接 在E读中查询图书 在五车中查询图书 在当当中查询图书 在豆瓣中查询图书


正题名:国际物流运输实务     索取号:F511.41/5         预约/预借

序号 登录号 条形码 馆藏地/架位号 状态 备注
1 0572017   205720175   第一样本阅览室/ [索取号:F511.41/5] 在馆    
2 0572018   205720184   第一借阅区/ [索取号:F511.41/5] 在馆    
3 0572019   205720193   第一借阅区/ [索取号:F511.41/5] 在馆    
4 0572020   205720200   第一借阅区/ [索取号:F511.41/5] 在馆    
5 0572021   205720219   第一借阅区/ [索取号:F511.41/5] 在馆    
6 0572022   205720228   第一借阅区/ [索取号:F511.41/5] 在馆    
7 0572023   205720237   第一借阅区/ [索取号:F511.41/5] 在馆    
8 0572024   205720246   第一借阅区/ [索取号:F511.41/5] 在馆    
唐山师范学院图书馆 欢迎您!
大连网信软件有限公司© 版权所有